000 00530nam a2200193Ia 4500
005 20250603144549.0
008 250603s9999 xx 000 0 und d
020 _a9780367764326
050 _aHB 74 .P8 .C67/
100 _aCorr, Philip J. and Plagnol, Anke C.
245 0 _aBehavioral economics : the basics
250 _a2nd ed.
260 _aAbingdon, Oxon ; New York, NY
260 _b Routledge
260 _c2023
300 _aix, 256 p. : ill. ; 23 cm.
650 _aAbingdon, Oxon ; New York, NY
942 _cBK
999 _c39294
_d39294